000 00409nam a2200169Ia 4500
001 22919
003 IN-NITTTR
005 20251114233258.0
008 251113s9999||||xx |||||||||||||| ||eng||
040 _beng
040 _cIN-NITTTR
041 _aeng
082 _a671.52 E74
100 _aBlazynski<, T. Z.
245 0 _aExplosive welding, forming and compaction. /
_cBlazynski<, T. Z.
942 _2ddc
_cBK
999 _c25548
_d25548